000 00527nam a2200181Ia 4500
005 20250317130917.0
008 008 250317s9999 xx 000 0 eng d
037 _aTextbook
040 _aFMSL
_beng
_cFMSL
041 _aeng
_2eng
084 _aX:8D M9;6
_qFMSL
100 _aPrasanna Chandra
245 0 _aFicial management : theory and practice.
260 _aNew Delhi
_bNew Delhi, Tata McGraw Hill.
_c1989
300 _a847p
942 _cTB
_hX:8D M9;6
999 _c1265838
_d1265838